000 00738nam a2200253 u 4500
001 000051088
005 20200120222659.0
008 121205s2009 ck a gr| 000 0 spa d
020 _a9789584469571.
041 0 _aspa
082 0 4 _a616.398
_bR81
_221
100 1 _aRubiano Vanegas, Mercedes.
245 1 0 _aObesidad :
_btratamiento juvenil /
_cMercedes Rubiano Vanegas, Carmen Macbeth Vanegas.
250 _a1a. ed.
260 _aBogotá :
_bEditorial Juventud,
_c2009.
300 _a192 p. :
_bil.
504 _aincluye bibliografía.
650 1 4 _aObesidad en niños.
650 2 4 _aPeso corporal.
650 2 4 _aDesordenes en le metabolismo.
650 2 4 _aRecetarios.
650 2 4 _aCocina.
700 1 _aMacbeth Vanegas, Carmen.
999 _c3398
_d3398